The tropical rain forest: an ecological study (Record no. 81449)
[ view plain ]
| 000 -LEADER | |
|---|---|
| fixed length control field | 01142nam a2200241 a 4500 |
| 008 - FIXED-LENGTH DATA ELEMENTS--GENERAL INFORMATION | |
| fixed length control field | 120416s1996 ||||||||||||||||| || u |
| 020 ## - INTERNATIONAL STANDARD BOOK NUMBER | |
| International Standard Book Number | 0521421942 |
| 050 ## - LIBRARY OF CONGRESS CALL NUMBER | |
| Classification number | QK 938.R34 Ric |
| 100 ## - MAIN ENTRY--PERSONAL NAME | |
| Personal name | Richards, P. W |
| 245 14 - TITLE STATEMENT | |
| Title | The tropical rain forest: an ecological study |
| 250 ## - EDITION STATEMENT | |
| Edition statement | 2nd ed. |
| 260 ## - PUBLICATION, DISTRIBUTION, ETC. | |
| Place of publication, distribution, etc. | Cambridge |
| Name of publisher, distributor, etc. | Cambridge University Press |
| Date of publication, distribution, etc. | 1996 |
| 300 ## - PHYSICAL DESCRIPTION | |
| Extent | xxiii, 575p. : ill. |
| 350 ## - | |
| -- | 0.00 |
| 650 ## - SUBJECT ADDED ENTRY--TOPICAL TERM | |
| Topical term or geographic name entry element | FORESTRY |
| 650 ## - SUBJECT ADDED ENTRY--TOPICAL TERM | |
| Topical term or geographic name entry element | FOREST ECOLOGY |
| 650 ## - SUBJECT ADDED ENTRY--TOPICAL TERM | |
| Topical term or geographic name entry element | RAIN FOREST ECOLOGY |
| 856 ## - ELECTRONIC LOCATION AND ACCESS | |
| Uniform Resource Identifier | http://www.loc.gov/catdir/description/cam026/93049019.html |
| 856 ## - ELECTRONIC LOCATION AND ACCESS | |
| Uniform Resource Identifier | http://www.loc.gov/catdir/toc/cam029/93049019.html |
| 995 ## - | |
| -- | ANNEX COLLECTION (Main Library) |
| -- | 0.00 |
| -- | 731954 |
| -- | CBU-MAIN LIBRARY (Kitwe) |
| -- | 5 |
| -- | 34.95 |
| -- | QK 938.R34 Ric |
| -- | 5 |
| -- | AVAILABLE |
| -- | 029204 |
| -- | Annex Low-Usage Collection |
| 995 ## - | |
| -- | ANNEX COLLECTION (Main Library) |
| -- | 0.00 |
| -- | 734491 |
| -- | CBU-MAIN LIBRARY (Kitwe) |
| -- | 3 |
| -- | 34.95 |
| -- | QK 938.R34 Ric |
| -- | 3 |
| -- | AVAILABLE |
| -- | 48039 |
| -- | Annex Low-Usage Collection |
| 995 ## - | |
| -- | ANNEX COLLECTION (Main Library) |
| -- | 0.00 |
| -- | 731087 |
| -- | CBU-MAIN LIBRARY (Kitwe) |
| -- | 2 |
| -- | 34.95 |
| -- | QK 938.R34 Ric |
| -- | 2 |
| -- | AVAILABLE |
| -- | May 19, 2006 |
| -- | 028301 |
| -- | Annex Low-Usage Collection |
| 999 ## - | |
| -- | 81449 |
| -- | 81449 |
| Withdrawn status | Lost status | Source of classification or shelving scheme | Damaged status | Not for loan | Permanent Location | Current Location | Shelving location | Date acquired | Total Checkouts | Full call number | Barcode | Date last seen | Copy number | Price effective from | Koha item type |
|---|---|---|---|---|---|---|---|---|---|---|---|---|---|---|---|
| CBU-MAIN LIBRARY, KITWE. | CBU-MAIN LIBRARY, KITWE. | 08/18/2023 | QK 938.R34 Ric | 029204 | 08/18/2023 | 1 | 08/18/2023 | MONOGRAPH | |||||||
| CBU-MAIN LIBRARY, KITWE. | CBU-MAIN LIBRARY, KITWE. | 08/18/2023 | QK 938.R34 Ric | 48039 | 08/18/2023 | 2 | 08/18/2023 | MONOGRAPH | |||||||
| Withdrawn | CBU-MAIN LIBRARY, KITWE. | CBU-MAIN LIBRARY, KITWE. | 08/18/2023 | QK 938.R34 Ric | 028301 | 08/18/2023 | 3 | 08/18/2023 | MONOGRAPH |